[Event "Chinese Chess League 2019"]
[Site "Shen Yang"]
[Date "2019.12.05"]
[Round "20.29"]
[White "Munguntuul, Batkhuyag"]
[Black "Gu, Tianlu"]
[Result "1-0"]
[WhiteElo "2436"]
[BlackElo "2259"]
[Annotator "TA"]
[PlyCount "83"]
[EventDate "2019.04.09"]
[EventType "team-tourn"]
[EventCountry "CHN"]
[SourceTitle "playchess.com"]
[Source "ChessBase"]
[SourceQuality "1"]

{[%evp 18,105,5,5,34,16,28,28,17,29,47,49,69,50,56,27,31,41,94,47,60,60,60,60,65,60,66,58,62,64,121,117,145,83,89,66,151,70,70,70,71,70,84,2,3,5,131,129,130,131,131,130,172,170,292,236,204,194,256,247,452,485,570,569,539,479,669,643,876,859,825,814,930,927,853,811,916,914,880,863,933,894,1815,1770,1840,1325,29986,29987,29983,5235]} 1. e4 e5 2. Nf3 Nc6 3. Bb5 a6 4. Ba4 Nf6 5. d3 b5 6. Bb3 Be7 7. Nc3 d6 8. a3 O-O 9. O-O Bg4 10. Be3 Qd7 {C84: Closed Ruy Lopez: Unusual White 6th moves} (10... Nd4 $5) (10... Nd4 11. Bxd4 exd4 12. Nd5 Nd7 13. h3 Bxf3 14. Qxf3 c6 15. Nf4 Nc5 16. Ba2 a5 17. Qg4 Kh8 18. Ne2 {1-0 (48) Caruana,F (2828)-Postny,E (2623) chess.com INT 2019}) 11. Nd5 Rad8 12. h3 $146 ({Predecessor:} 12. Nxf6+ Bxf6 13. h3 Be6 14. c3 d5 15. Qc2 Qe7 16. exd5 Bxd5 17. Bxd5 Rxd5 18. c4 bxc4 19. dxc4 Rd7 20. Qa4 Nd4 21. Bxd4 exd4 22. Qxa6 Qe2 23. Qb5 Rfd8 24. Rfe1 {1-0 (24) Yaroslavtsev,A (2006)-Borodin,G (1779) St Petersburg 2017}) 12... Nxd5 {White has an edge.} 13. Bxd5 Bxf3 14. Qxf3 Bf6 15. a4 bxa4 16. c3 Ne7 17. Bc4 Ra8 ({Better is} 17... d5 $14 18. exd5 Nxd5) 18. Qd1 Rfb8 19. Qxa4 Qxa4 20. Rxa4 Rxb2 21. Rfa1 g5 22. Rxa6 Rxa6 23. Rxa6 Kg7 (23... c6 $14) 24. Ra7 $16 c5 25. Ra6 ({White should try} 25. Kf1) 25... Nc8 26. Rc6 Rb8 (26... Nb6 $14) 27. Kh2 (27. Rc7 $1 $16) 27... Be7 $14 28. Rc7 {Ba6 is the strong threat.} Kf8 $1 29. h4 h6 30. Kh3 ({White should play} 30. Ba2 $16) 30... Nb6 $11 31. Ba6 $36 {[%mdl 2048] White has the initiative.} Ra8 {[#]} (31... Na4 $11) 32. Bb5 $1 $16 Rb8 33. c4 Bd8 34. Rc6 Be7 35. Kg4 f6 (35... Nd7 $142 36. hxg5 hxg5 37. Bxg5 Nf6+ 38. Bxf6 Bxf6 39. Rxd6 Be7) 36. Kh5 Kf7 37. Rc7 Na8 (37... gxh4 $142 38. Kg4 (38. Bxh6 Rg8 $16) (38. Kxh4 f5+ 39. Kh5 f4 $14) 38... Rg8+ 39. Kh3 (39. Kxh4 f5+ 40. Kh3 f4 $16) 39... Ra8) 38. Ra7 $18 Nb6 $2 (38... gxh4 39. Bxh6 (39. Kxh4 f5+ 40. Kh5 f4 $18) 39... Nb6) 39. g3 Nc8 40. Rc7 Nb6 41. Bc6 Rc8 42. Rxc8 {Played: Bc6-d5} 1-0

[Event "Chinese Chess League 2019"]
[Site "Shen Yang"]
[Date "2019.12.05"]
[Round "20.30"]
[White "Xiao, Yiyi"]
[Black "Girya, Olga"]
[Result "1-0"]
[WhiteElo "2316"]
[BlackElo "2476"]
[Annotator "ChessBase"]
[PlyCount "151"]
[EventDate "2019.04.09"]
[EventType "team-tourn"]
[EventCountry "CHN"]
[SourceTitle "playchess.com"]
[Source "ChessBase"]
[SourceQuality "1"]
[TimeControl "5400+30"]

1. d4 {[%emt 0:00:00]} Nf6 {[%emt 0:00:00]} 2. c4 {[%emt 0:00:00]} e6 {[%emt 0:00:00]} 3. g3 {[%emt 0:00:00]} d5 {[%emt 0:00:00]} 4. Bg2 {[%emt 0:00:00]} Be7 {[%emt 0:00:00]} 5. Nf3 {[%emt 0:00:01]} O-O {[%emt 0:00:02]} 6. O-O {[%emt 0:00:04]} dxc4 {[%emt 0:00:14]} 7. Qc2 {[%emt 0:00:14]} a6 {[%emt 0:00:07]} 8. a4 {[%emt 0:00:22]} Bd7 {[%emt 0:00:21]} 9. Rd1 {[%emt 0:03:13]} Bc6 {[%emt 0:01:00]} 10. Nc3 {[%emt 0:00:11]} Bxf3 {[%emt 0:07:05]} 11. Bxf3 {[%emt 0:00:03]} Nc6 {[%emt 0:00:51]} 12. Bxc6 {[%emt 0:01:06]} bxc6 {[%emt 0:00:04]} 13. Bg5 {[%emt 0:00:52]} Nd5 {[%emt 0:20:05]} 14. Bxe7 {[%emt 0:02:30]} Nxe7 {[%emt 0:00:04]} 15. Ne4 {[%emt 0:20:00]} a5 {[%emt 0:05:58]} 16. Qxc4 {[%emt 0:01:40]} Qd5 {[%emt 0:00:07]} 17. Qxd5 {[%emt 0:06:17]} cxd5 {[%emt 0:00:51]} 18. Nc5 {[%emt 0:00:06]} Rfb8 {[%emt 0:00:18]} 19. b3 {[%emt 0:01:44]} h5 {[%emt 0:09:02]} 20. Rac1 {[%emt 0:06:27]} Nf5 {[%emt 0:07:33]} 21. Rd3 {[%emt 0:05:34]} Rb4 {[%emt 0:06:41]} 22. e3 {[%emt 0:00:08]} Rab8 {[%emt 0:05:37]} 23. Rdc3 {[%emt 0:04:39]} R8b6 {[%emt 0:01:43]} 24. Nd7 {[%emt 0:02:05]} Rb7 {[%emt 0:00:50]} 25. Nc5 {[%emt 0:12:43]} R7b6 {[%emt 0:00:22]} 26. h4 {[%emt 0:02:48]} Nd6 {[%emt 0:04:12]} 27. Nd7 {[%emt 0:06:47]} Rb7 {[%emt 0:00:07]} 28. Nc5 {[%emt 0:00:41]} R7b6 {[%emt 0:00:03]} 29. Kg2 {[%emt 0:05:10]} Ne8 {[%emt 0:02:03]} 30. Kf3 {[%emt 0:01:29]} Nf6 {[%emt 0:07:44]} 31. Ke2 {[%emt 0:07:22]} Ne4 {[%emt 0:12:16]} 32. Nxe4 {[%emt 0:00:49]} dxe4 {[%emt 0:00:04]} 33. Rxc7 {[%emt 0:00:10]} Rxb3 {[%emt 0:00:02]} 34. Rc8+ {[%emt 0:05:42]} Kh7 {[%emt 0:00:01]} 35. R8c5 {[%emt 0:00:17]} Rb2+ {[%emt 0:07:10]} 36. Kf1 {[%emt 0:00:17]} Ra2 {[%emt 0:02:07]} 37. Rxh5+ {[%emt 0:00:07]} Kg6 {[%emt 0:00:06]} 38. Rg5+ {[%emt 0:00:53]} Kf6 {[%emt 0:02:01]} 39. Rb5 {[%emt 0:00:13]} Rxb5 {[%emt 0:00:22]} 40. axb5 {[%emt 0:00:03]} Rb2 {[%emt 0:00:04]} 41. Rc5 {[%emt 0:00:29]} a4 {[%emt 0:00:50]} 42. Rc4 {[%emt 0:00:21]} a3 {[%emt 0:00:28]} 43. Ra4 {[%emt 0:00:02]} a2 {[%emt 0:00:10]} 44. Kg2 {[%emt 0:00:03]} Ke7 {[%emt 0:02:26]} 45. g4 {[%emt 0:03:01]} Kd6 {[%emt 0:00:13]} 46. Kg3 {[%emt 0:00:52]} Kd5 {[%emt 0:00:35]} 47. h5 {[%emt 0:01:11]} f6 {[%emt 0:00:07]} 48. Ra7 {[%emt 0:01:47]} Re2 {[%emt 0:00:57]} 49. Ra5 {[%emt 0:00:50]} Kd6 {[%emt 0:00:36]} 50. Ra6+ {[%emt 0:00:56]} Kd5 {[%emt 0:00:21]} 51. Ra4 {[%emt 0:00:09]} Kd6 {[%emt 0:00:25]} 52. Ra6+ {[%emt 0:00:41]} Kd5 {[%emt 0:00:03]} 53. Ra5 {[%emt 0:00:04]} Kd6 {[%emt 0:01:16]} 54. Kf4 {[%emt 0:02:09]} Rxf2+ {[%emt 0:00:23]} 55. Kxe4 {[%emt 0:00:02]} Rg2 {[%emt 0:00:39]} 56. Ra6+ {[%emt 0:00:15]} Kc7 {[%emt 0:00:27]} 57. Kf3 {[%emt 0:00:30]} Rb2 {[%emt 0:00:24]} 58. e4 {[%emt 0:00:20]} Kb7 {[%emt 0:00:43]} 59. e5 {[%emt 0:00:27]} fxe5 {[%emt 0:00:33]} 60. dxe5 {[%emt 0:00:01]} Rxb5 {[%emt 0:00:31]} 61. Rxa2 {[%emt 0:00:04]} Rxe5 {[%emt 0:00:03]} 62. Re2 {[%emt 0:00:45]} Rd5 {[%emt 0:00:59]} 63. Rxe6 {[%emt 0:00:03]} Rd7 {[%emt 0:00:25]} 64. Kf4 {[%emt 0:00:20]} Kc7 {[%emt 0:00:11]} 65. Kf5 {[%emt 0:00:20]} Kd8 {[%emt 0:00:48]} 66. g5 {[%emt 0:00:59]} Rd1 {[%emt 0:00:29]} 67. Kg6 {[%emt 0:00:13]} Rg1 {[%emt 0:00:32]} 68. Ra6 {[%emt 0:00:16]} Ke8 {[%emt 0:00:21]} 69. Ra8+ {[%emt 0:00:12]} Ke7 {[%emt 0:00:03]} 70. Ra7+ {[%emt 0:00:04]} Kf8 {[%emt 0:00:43]} 71. Rf7+ {[%emt 0:00:06]} Ke8 {[%emt 0:00:35]} 72. Rxg7 {[%emt 0:00:07]} Ra1 {[%emt 0:00:46]} 73. Rf7 {[%emt 0:00:38]} Ra5 {[%emt 0:00:27]} 74. Rf5 {[%emt 0:00:24]} Ra6+ {[%emt 0:00:33]} 75. Rf6 {[%emt 0:00:02]} Ra5 {[%emt 0:00:21]} 76. h6 {[%emt 0:00:11]} 1-0

[Event "Chinese Chess League 2019"]
[Site "Shen Yang"]
[Date "2019.12.06"]
[Round "21.1"]
[White "Jakovenko, Dmitry"]
[Black "Liu, Qingnan"]
[Result "1/2-1/2"]
[WhiteElo "2691"]
[BlackElo "2535"]
[Annotator "TA"]
[PlyCount "91"]
[EventDate "2019.04.09"]
[EventType "team-tourn"]
[EventCountry "CHN"]
[SourceTitle "playchess.com"]
[Source "ChessBase"]
[SourceQuality "1"]

{[%evp 12,90,31,31,31,8,13,7,2,8,15,5,12,20,37,31,26,43,26,12,23,17,25,26,40,29,31,26,41,47,56,67,60,71,68,62,68,73,96,74,130,133,143,135,137,144,148,136,183,181,185,179,233,151,279,280,277,271,263,272,263,265,270,272,281,332,304,289,271,69,69,8,8,8,8,8,8,8,8,8,8]} 1. d4 d5 2. c4 e6 3. Nc3 Nf6 4. cxd5 exd5 5. Bg5 c6 6. Qc2 g6 7. e3 Bf5 {D36: Queen's Gambit Declined: Exchange Variation: Main line (5 Bg5 c6 6 Qc2)} (7... Be7 8. Bd3 Nbd7 9. Rc1 Nf8 10. Nge2 Ne6 11. Bh4 Nh5 12. Bxe7 Qxe7 13. O-O O-O 14. f3 Rd8 15. Rce1 {1-0 (45) Durarbayli,V (2637)-Benidze,D (2469) Konya 2019}) 8. Bd3 (8. Qb3 {is interesting.} b6 9. Nf3 Bg7 10. Be2 O-O 11. O-O) 8... Bxd3 $1 9. Qxd3 Nbd7 10. Nge2 Be7 11. O-O Nh5 $146 ({Predecessor:} 11... O-O 12. f3 Re8 13. Rad1 Qb6 14. Kh1 Rad8 15. e4 {1-0 (27) Kolosowski,M (2421)-Leniart,A (2479) Poland 2017}) 12. Bh6 Bg5 13. Bxg5 Qxg5 14. b4 a6 15. a4 O-O 16. b5 axb5 17. axb5 Qd8 18. bxc6 bxc6 19. Ra6 Rxa6 20. Qxa6 Qa8 21. Ra1 Qxa6 22. Rxa6 Rc8 23. g4 Nhf6 24. g5 Nh5 25. Na2 h6 (25... c5 $142) 26. Ra7 $16 Nf8 27. gxh6 Nf6 28. Nb4 Ne6 29. Nd3 Rc7 30. Rxc7 Nxc7 $18 {[%mdl 4096] Endgame KNN-KNN} 31. Ne5 Ne6 (31... Nb5 {might work better.} 32. f3 (32. Nxc6 Kh7 $16) 32... Nd6 33. Nxc6 Nc4) 32. Nxc6 Kh7 33. Ne5 $1 Nd8 34. f3 Kxh6 35. Nc3 $1 Kg5 36. h3 $1 Kf5 {[#]} 37. Ng4 $1 Nxg4 38. fxg4+ {KN-KN} (38. hxg4+ Ke6 $16) 38... Ke6 {[#]} 39. h4 $1 f5 40. g5 $2 ({White must play} 40. gxf5+ $18 Kxf5 41. Kf2 (41. Nxd5 Ke4 $16)) 40... f4 $1 $14 41. exf4 (41. Kf2 $14 fxe3+ 42. Kxe3) 41... Nc6 $11 {The position is equal.} 42. Ne2 {Hoping for Kf2.} Kf5 43. Kf2 Kg4 $1 44. h5 Kxh5 45. Kg3 {White threatens Kh3 and mate.} Nxd4 $1 46. Nxd4 {Accuracy: White = 71%, Black = 75%.} 1/2-1/2

[Event "Chinese Chess League 2019"]
[Site "Shen Yang"]
[Date "2019.12.06"]
[Round "21.2"]
[White "Bai, Jinshi"]
[Black "Wen, Yang"]
[Result "1/2-1/2"]
[WhiteElo "2600"]
[BlackElo "2586"]
[Annotator "TA"]
[PlyCount "65"]
[EventDate "2019.04.09"]
[EventType "team-tourn"]
[EventCountry "CHN"]
[SourceTitle "playchess.com"]
[Source "ChessBase"]
[SourceQuality "1"]

{[%evp 24,65,15,31,27,36,18,23,30,16,29,23,25,23,32,26,31,19,33,27,33,11,29,21,21,17,19,4,4,8,15,0,0,0,0,0,0,0,0,0,0,0,0,0]} 1. Nf3 d5 2. g3 g6 3. Bg2 Bg7 4. d4 Nf6 5. O-O O-O 6. c4 c6 7. Nbd2 Bf5 8. b3 Nbd7 9. Bb2 Ne4 10. Nh4 Nxd2 11. Qxd2 Be6 12. e4 dxe4 13. Bxe4 Bh3 {D78: Fianchetto Grünfeld: 6 0-0 c6} 14. Rfe1 Nf6 15. Bg2 Bxg2 {White has an edge.} 16. Kxg2 {[#]} e6 $146 ({Predecessor:} 16... Qc7 17. Nf3 Rfd8 18. Qe2 e6 19. Rad1 a5 20. a4 Rac8 21. Rd3 {½-½ (40) Georgiev,K (2660)-Shirov,A (2699) Sochi 2007}) 17. Nf3 a5 18. a4 Qc7 19. Rad1 Rad8 20. Bc3 b6 21. Qb2 Ne8 {[%cal Bf6e8,Be8c7,Bc7d5][%mdl 32]} 22. c5 Qb7 23. cxb6 Qxb6 {The position is equal.} 24. b4 Nc7 25. bxa5 Qxb2 26. Bxb2 {aiming for Ba3.} Ra8 $1 27. Rc1 {Hoping for Ba3.} Rxa5 28. Rxc6 Nd5 29. Ra1 Rfa8 30. Rc4 Nb6 31. Rb4 Nd5 32. Rc4 Nb6 33. Rb4 {Accuracy: White = 70%, Black = 96%.} 1/2-1/2

[Event "Chinese Chess League 2019"]
[Site "Shen Yang"]
[Date "2019.12.06"]
[Round "21.3"]
[White "Ma, Qun"]
[Black "Zhao, Jun"]
[Result "1/2-1/2"]
[WhiteElo "2629"]
[BlackElo "2641"]
[Annotator "RC"]
[PlyCount "63"]
[EventDate "2019.04.09"]
[EventType "team-tourn"]
[EventCountry "CHN"]
[SourceTitle "playchess.com"]
[Source "ChessBase"]
[SourceQuality "1"]
[TimeControl "5400+30"]

1. d4 {[%emt 0:00:00]} Nf6 {[%emt 0:00:20]} 2. c4 {[%emt 0:00:19]} e6 {[%emt 0:00:11]} 3. Nf3 {[%emt 0:02:38]} d5 {[%emt 0:01:27]} 4. g3 {[%emt 0:00:27]} Bb4+ {[%emt 0:02:48]} 5. Bd2 {[%emt 0:00:46]} Be7 {[%emt 0:00:06]} 6. Bg2 {[%emt 0:00:06]} O-O {[%emt 0:00:15]} 7. O-O {[%emt 0:00:10]} c6 {[%emt 0:00:30]} 8. Qc2 {[%emt 0:00:43]} b6 {[%emt 0:00:12]} 9. Rd1 {[%emt 0:01:50]} Nbd7 {[%emt 0:02:01]} 10. Ne5 {[%emt 0:05:30]} Bb7 {[%emt 0:04:46]} 11. cxd5 {[%emt 0:00:10]} cxd5 {[%emt 0:00:04]} 12. Nc6 {[%emt 0:00:06]} Bxc6 {[%emt 0:00:27]} 13. Qxc6 {[%emt 0:00:08]} Qc8 {[%emt 0:00:06]} 14. Qb5 {[%emt 0:02:04]} Ne8 {[%emt 0:04:07]} 15. Qd3 {[%emt 0:00:21]} Nd6 {[%emt 0:01:10]} 16. Bb4 {[%emt 0:01:10]} Nf6 {[%emt 0:03:56]} 17. Nd2 {[%emt 0:00:45]} Nf5 {[%emt 0:02:56]} 18. Bxe7 {[%emt 0:00:23]} Nxe7 {[%emt 0:00:06]} 19. Rac1 {[%emt 0:00:52]} Qb7 {[%emt 0:00:50]} 20. e3 {[%emt 0:00:44]} Rfc8 {[%emt 0:00:23]} 21. Bf1 {[%emt 0:00:40]} Rxc1 {[%emt 0:00:13]} 22. Rxc1 {[%emt 0:00:06]} Rc8 {[%emt 0:00:03]} 23. Rc3 {[%emt 0:01:02]} Rxc3 {[%emt 0:01:59]} 24. Qxc3 {[%emt 0:00:55]} Qc6 {[%emt 0:00:19]} 25. Qxc6 {[%emt 0:02:00]} Nxc6 {[%emt 0:00:05]} 26. Bd3 {[%emt 0:00:19]} Kf8 {[%emt 0:00:42]} 27. Kf1 {[%emt 0:00:25]} Ke7 {[%emt 0:00:40]} 28. Ke2 {[%emt 0:00:12]} Nb4 {[%emt 0:00:23]} 29. Bb1 {[%emt 0:00:34]} Nc6 {[%emt 0:00:05]} 30. Bd3 {[%emt 0:00:45]} Nb4 {[%emt 0:00:05]} 31. Bb1 {[%emt 0:00:19]} Nc6 {[%emt 0:00:04]} 32. Bd3 {[%emt 0:00:23]} 1/2-1/2

[Event "Chinese Chess League 2019"]
[Site "Shen Yang"]
[Date "2019.12.06"]
[Round "21.4"]
[White "Yan, Tianqi"]
[Black "Girya, Olga"]
[Result "1-0"]
[WhiteElo "2240"]
[BlackElo "2476"]
[Annotator "TA"]
[PlyCount "41"]
[EventDate "2019.04.09"]
[EventType "team-tourn"]
[EventCountry "CHN"]
[SourceTitle "playchess.com"]
[Source "ChessBase"]
[SourceQuality "1"]

{[%evp 12,41,0,0,0,0,0,0,0,0,18,19,29,32,41,0,0,0,0,1,15,0,17,17,115,118,113,118,127,115,29997,29998]} 1. e4 c6 2. d4 d5 3. exd5 cxd5 4. c4 Nf6 5. Nc3 Nc6 6. Bg5 dxc4 7. Bxc4 h6 {B13: Caro-Kann: Exchange Variation and Panov-Botvinnik Attack} 8. Bh4 (8. Bf4 e6 9. Nf3 Bd6 10. Ne5 O-O 11. O-O Bc7 12. Nxc6 bxc6 13. Be5 c5 14. Nb5 Bb6 15. Qf3 {1-0 (50) Zhigalko,A (2545)-Riazantsev,A (2649) St Petersburg 2018}) 8... Qxd4 9. Qxd4 Nxd4 {The position is equal.} 10. O-O-O g5 11. Rxd4 {[#] Hoping for Nf3.} gxh4 12. Nb5 $1 {[%cal Rb5c7]} e5 13. Nc7+ Ke7 14. Rxh4 $146 ({Predecessor:} 14. Rd1 Bg4 15. Nxa8 Bxd1 16. Kxd1 {0-1 (56) Gaponenko,I (2393)-Kosteniuk,A (2489) Belgrade 2013}) 14... Rb8 {And now ...Bf5 would win.} 15. Nf3 e4 $1 {[%cal Re4f3]} 16. Ne5 Bg7 17. Rd1 $36 {[%mdl 2048] Black is under pressure.} ({Don't play} 17. Nxf7 Rf8 $17) 17... Bf5 (17... h5 $11) 18. Rf4 $16 ({Stronger than} 18. Nxf7 Rhc8 $17) 18... Rhc8 19. Rxf5 Rxc7 20. Kb1 Rf8 $2 {[%mdl 8192] [#]} (20... Rbc8 $16 21. Bxf7 Rd8 22. Rxd8 Kxd8) 21. Ng6+ $1 {[%mdl 576] Double Attack} 1-0

[Event "Chinese Chess League 2019"]
[Site "Shen Yang"]
[Date "2019.12.06"]
[Round "21.5"]
[White "Ning, Kaiyu"]
[Black "Li, Ruofan"]
[Result "1-0"]
[WhiteElo "2330"]
[BlackElo "2335"]
[Annotator "NA"]
[PlyCount "81"]
[EventDate "2019.04.09"]
[EventType "team-tourn"]
[EventCountry "CHN"]
[SourceTitle "playchess.com"]
[Source "ChessBase"]
[SourceQuality "1"]
[TimeControl "5400+30"]

1. c4 {[%emt 0:00:00]} e6 {[%emt 0:00:00]} 2. Nf3 {[%emt 0:00:00]} Nf6 {[%emt 0:00:00]} 3. g3 {[%emt 0:00:00]} d5 {[%emt 0:00:05]} 4. Bg2 {[%emt 0:00:04]} dxc4 {[%emt 0:00:10]} 5. Qa4+ {[%emt 0:00:04]} c6 {[%emt 0:00:05]} 6. Qxc4 {[%emt 0:00:04]} b5 {[%emt 0:00:05]} 7. Qc2 {[%emt 0:00:02]} Bb7 {[%emt 0:00:06]} 8. a4 {[%emt 0:00:03] A13: English Opening: 1...e6} a6 {[%emt 0:00:05]} 9. Nc3 {[%emt 0:00:04]} Nbd7 {[%emt 0:00:08]} 10. O-O {[%emt 0:00:07]} Be7 {[%emt 0:00:10]} 11. d3 {[%emt 0:00:05]} O-O {[%emt 0:01:52]} 12. e4 {[%emt 0:00:03]} Qb6 {[%emt 0:00:33]} 13. Be3 {[%emt 0:02:59]} c5 {[%emt 0:00:06]} 14. h3 {[%emt 0:00:15]} h6 {[%emt 0:00:15]} 15. Rfc1 {[%emt 0:03:06]} Rfc8 {[%emt 0:01:04] [#]} 16. Qb1 $146 {[%emt 0:17:27]} ({Predecessor:} 16. Qe2) 16... b4 {[%emt 0:09:35]} 17. a5 {[%emt 0:05:39]} Qd8 {[%emt 0:00:21]} 18. Na4 {[%emt 0:00:57]} Qxa5 {[%emt 0:13:14]} 19. Nxc5 {[%emt 0:00:31]} Qb5 {[%emt 0:00:05]} 20. Nd4 {[%emt 0:01:40]} Qb6 {[%emt 0:03:22]} 21. Nxb7 {[%emt 0:11:19]} Qxb7 {[%emt 0:00:54]} 22. Nb3 {[%emt 0:00:11]} Bd8 {[%emt 0:05:45]} 23. Na5 {[%emt 0:08:35]} Qb5 {[%emt 0:14:41]} 24. Nc4 {[%emt 0:00:02]} a5 {[%emt 0:01:35]} 25. b3 {[%emt 0:14:23]} Be7 {[%emt 0:10:06]} 26. Rc2 {[%emt 0:00:16]} Rc6 {[%emt 0:03:36]} 27. Rca2 $16 {[%emt 0:07:29]} Rca6 {[%emt 0:00:11]} 28. Qd1 {[%emt 0:00:28]} Nc5 {[%emt 0:09:42]} 29. Bf1 {[%emt 0:02:32]} Qd7 {[%emt 0:04:45]} 30. d4 {[%emt 0:05:24]} Ncxe4 {[%emt 0:08:27]} 31. Ne5 {[%emt 0:00:01]} Qd6 {[%emt 0:00:14]} 32. Bxa6 {[%emt 0:00:28]} Nc3 {[%emt 0:00:05]} 33. Qf3 {[%emt 0:00:28]} Qxa6 {[%emt 0:02:51]} 34. Rxa5 {[%emt 0:00:49]} Qxa5 {[%emt 0:00:14]} 35. Qxa8+ {[%emt 0:02:39]} Qxa8 {[%emt 0:00:02]} 36. Rxa8+ {[%emt 0:00:03]} Bf8 {[%emt 0:01:56]} 37. d5 {[%emt 0:00:05]} Nce4 {[%emt 0:05:11]} 38. f3 {[%emt 0:01:36]} Nd6 {[%emt 0:01:50]} 39. Bc5 {[%emt 0:00:50]} Nde8 {[%emt 0:01:52]} 40. Bxf8 {[%emt 0:00:16]} Kxf8 {[%emt 0:00:14]} 41. d6 {[%emt 0:00:03]} 1-0

[Event "Chinese Chess League 2019"]
[Site "Shen Yang"]
[Date "2019.12.06"]
[Round "21.6"]
[White "Malakhov, Vladimir"]
[Black "Zeng, Chongsheng"]
[Result "1/2-1/2"]
[WhiteElo "2665"]
[BlackElo "2544"]
[Annotator "TA"]
[PlyCount "125"]
[EventDate "2019.04.09"]
[EventType "team-tourn"]
[EventCountry "CHN"]
[SourceTitle "playchess.com"]
[Source "ChessBase"]
[SourceQuality "1"]

{[%evp 15,125,8,15,1,1,0,12,0,24,18,19,14,14,0,27,21,19,15,27,28,22,24,32,20,18,0,6,0,9,9,9,19,16,20,27,23,92,110,108,100,107,84,80,80,80,81,94,90,100,105,106,81,77,48,47,19,19,19,19,24,21,9,9,9,9,9,10,15,16,13,14,16,15,16,19,19,26,8,8,8,12,0,0,0,0,0,0,0,0,0,0,0,0,0,0,0,0,0,0,0,0,0,0,0,0,0,0,0,0,0,0,0]} 1. Nf3 d5 2. g3 Nf6 3. Bg2 g6 4. O-O Bg7 5. d4 O-O 6. c3 c6 7. Nbd2 Bf5 8. Re1 Nbd7 9. Nh4 {D02: 1 d4 d5 2 Nf3 sidelines, including 2...Nf6 3 g3 and 2...Nf6 3 Bf4} Be6 10. e4 dxe4 11. Nxe4 Bd5 12. Nxf6+ Bxf6 13. Nf3 Re8 {[#]} 14. Bh6 $146 ({Predecessor:} 14. Bf4 c5 15. dxc5 Nxc5 {½-½ (62) Kramnik,V (2808)-Ivanchuk,V (2738) Leuven 2017}) 14... Bg7 15. Qd2 e6 16. h4 Bxh6 17. Qxh6 Qf6 18. Ne5 $40 {[%mdl 128] White mounts an attack.} Nxe5 19. dxe5 Qf5 20. Rad1 Rad8 21. Qg5 Qxg5 (21... a5 {feels hotter.} 22. Bxd5 Rxd5 23. c4 Rxd1 24. Rxd1 Qc2) 22. hxg5 h6 23. gxh6 Kh7 24. b3 b5 25. Bf1 {Re3 is the strong threat.} Kxh6 {[#]} (25... Bf3 $11 26. Rd6 Rxd6 27. exd6 Rd8) 26. Re3 $1 $16 {Strongly threatening c4.} c5 27. Bxb5 Rh8 28. Bf1 Kg7 {[%csl Gd5][%cal Rh8h1] [#]} 29. f3 $1 g5 30. Red3 {Threatens to win with c4.} Rc8 31. c4 Bc6 32. Bg2 a5 33. Rd6 a4 34. R1d2 Rc7 35. Kf2 axb3 36. axb3 Rb8 37. R2d3 g4 $1 38. Re3 Bxf3 39. Bxf3 gxf3 40. Kxf3 $11 {[%mdl 4096] Endgame KRR-KRR} Kg6 41. Kg4 Rcb7 42. Rdd3 Rh8 43. Rf3 Rh1 44. Rd8 Kg7 45. Rc8 Rb1 46. Kg5 {Black must now prevent Rd3.} R1xb3 {The position is equal.} 47. Rxb3 (47. Kf4 {seems wilder.} Rxf3+ 48. Kxf3 Rb3+ 49. Kf4 Rb1 50. Rxc5 Rf1+ 51. Ke3) 47... Rxb3 {KR-KR} 48. g4 Rd3 49. Rxc5 Rd4 50. Kh5 Re4 51. g5 Re1 52. Kg4 Kg6 53. Kf4 Rf1+ 54. Ke4 Kxg5 55. Rc7 f5+ 56. exf6 $1 Kxf6 57. c5 Rc1 58. c6 Rc4+ 59. Kd3 Rc1 60. Kd4 Rc2 61. Kd3 Rc1 62. Kd4 Rc2 63. Ke4 {Accuracy: White = 54%, Black = 87%.} 1/2-1/2

[Event "Chinese Chess League 2019"]
[Site "Shen Yang"]
[Date "2019.12.06"]
[Round "21.7"]
[White "Wang, Yue"]
[Black "Zhou, Weiqi"]
[Result "1/2-1/2"]
[WhiteElo "2677"]
[BlackElo "2587"]
[Annotator "TA"]
[PlyCount "61"]
[EventDate "2019.04.09"]
[EventType "team-tourn"]
[EventCountry "CHN"]
[SourceTitle "playchess.com"]
[Source "ChessBase"]
[SourceQuality "1"]

{[%evp 15,61,8,6,0,4,0,0,0,0,4,0,5,5,9,12,0,0,0,3,7,12,19,13,5,8,4,11,4,8,-5,-5,-5,0,0,0,0,0,0,0,0,0,0,0,0,0,0,0,0]} 1. d4 d5 2. c4 dxc4 3. Nf3 a6 4. e3 b5 5. a4 Bb7 6. b3 e6 7. axb5 axb5 8. Rxa8 Bxa8 {The position is equal.} 9. bxc4 {D22: Queen's Gambit Accepted: 3 Nf3 a6 4 e3} bxc4 10. Bxc4 Nf6 (10... Bd6 11. Ba3 Nf6 12. Qa4+ Nbd7 13. Bxd6 cxd6 14. Nbd2 O-O 15. Qa3 Qc7 16. O-O Bxf3 17. gxf3 {½-½ (146) Dreev,A (2670)-Li,C (2699) chess.com INT 2019}) 11. O-O Be7 12. Nbd2 O-O 13. Bb2 c5 14. dxc5 Nbd7 15. Nb3 (15. Qc2 {is more complex.} Qc7 16. Nb3 Nxc5 17. Bd3 Bxf3 18. gxf3 Bd6 19. Nxc5 Qxc5 20. Qxc5 Bxc5 21. Rd1) 15... Nxc5 16. Nxc5 $146 ({Predecessor:} 16. Qxd8 Rxd8 17. Nxc5 Bxc5 {½-½ (35) Kubit,T (2088)-Duda,L (2145) Leba 2004}) 16... Qxd1 17. Rxd1 {[#] Black must now prevent Nd7.} Bxf3 18. gxf3 {And now Nd3 would win.} Bxc5 19. Kg2 Be7 20. f4 Rd8 21. Rxd8+ Bxd8 22. Bxf6 Bxf6 $11 {[%mdl 4096] Endgame KB-KB} 23. e4 g5 24. fxg5 Bxg5 25. Kg3 e5 26. Kg4 Bf4 27. h4 Kg7 28. h5 Kf6 29. f3 h6 30. Bd5 Bg5 31. Bc4 {Accuracy: White = 62%, Black = 79%.} 1/2-1/2